Is there a twist in the tale? Reinterpreting economic ascendancies through a geographic lens (Record no. 85200)

000 -LEADER
fixed length control field 01372pab a2200181 454500
008 - FIXED-LENGTH DATA ELEMENTS--GENERAL INFORMATION
fixed length control field 180718b2010 xxu||||| |||| 00| 0 eng d
100 ## - MAIN ENTRY--PERSONAL NAME
Personal name Shankar, V. Kalyan
245 ## - TITLE STATEMENT
Title Is there a twist in the tale? Reinterpreting economic ascendancies through a geographic lens
260 ## - PUBLICATION, DISTRIBUTION, ETC.
Date of publication, distribution, etc. 2010
300 ## - PHYSICAL DESCRIPTION
Extent p.55-63.
362 ## - DATES OF PUBLICATION AND/OR SEQUENTIAL DESIGNATION
Dates of publication and/or sequential designation 2 Jan
520 ## - SUMMARY, ETC.
Summary, etc. Should the study of economic ascendancies be restricted to a sequencing of the rise of nations over time? Such a chronological emphasis sidelines the geographies involved, and the spaces integral to a nation during its ascent. This paper argues that the geographic dimension is the key to understanding the "individual" and "collective" rise of nations; a differentiation that gets blurred when spaces are assumed constant. It seeks to establish how geographies create the very paradigms in which ascendancies have emerged. For this purpose, the paper creates an alternative framework that factors in the impact of global spatial rearrangements on ascendancies. The temporal-historical sequence of the rise of nations remains the same. But using geography as a tool, it tries to deduce the logic behind such a sequence. In other words, why did it happen the way it happened? - Reproduced.
650 ## - SUBJECT ADDED ENTRY--TOPICAL TERM
Topical term or geographic name entry element Economic growth
700 ## - ADDED ENTRY--PERSONAL NAME
Personal name Sahni, Rohini
773 ## - HOST ITEM ENTRY
Main entry heading Economic and Political Weekly
908 ## - PUT COMMAND PARAMETER (RLIN)
Put command parameter N
909 ## -
-- 85200
Holdings
Withdrawn status Lost status Damaged status Not for loan Permanent Location Current Location Date acquired Serial Enumeration / chronology Barcode Date last seen Price effective from Koha item type
        Indian Institute of Public Administration Indian Institute of Public Administration 2018-07-19 Volume no: 45, Issue no: 1 AR85660 2018-07-19 2018-07-19 Articles

Powered by Koha